Sobotta: Atlas de anatomía humana; órganos internos (Registro nro. 3143)

Detalles MARC
000 -Cabecera
Campo de control de longitud fija 01089aam a2200421 4500
005 - Fecha y hora de la última transacción
Campo de control 20241128172456.0
008 - Elementos de longitud fija--Información general
Campo de control de longitud fija 150626b2012 sp ||||| |||| 00| 0 spa d
020 ## - International Standard Book Number
Número Internacional Estándar del Libro (ISBN) 9788480868723
041 ## - Idioma
Código de idioma Español
082 ## - Clasificación Decimal Dewey
Número de clasificación 611 S677ao23
100 ## - Entrada principal--Autor personal
Nombre personal Sobotta, Johannes
100 ## - Entrada principal--Autor personal
Nombre personal Paulse, Friedrich
9 (RLIN) 26757
100 ## - Entrada principal--Autor personal
Nombre personal Waschke, Jens
245 ## - Título propiamente dicho
Título Sobotta: Atlas de anatomía humana; órganos internos
250 ## - Edición
Mención de edición 23 edición
260 ## - Pie de imprenta
Lugar de publicación, distribución, etc. Costa Rica
260 ## - Pie de imprenta
Nombre del editor, distribuidor, etc. Elsevier
260 ## - Pie de imprenta
Fecha de publicación, distribución, etc. 2012
300 ## - Descripción física
Extensión 264 páginas
300 ## - Descripción física
Otras características físicas Ilustraciones a color
500 ## - Nota general
Nota general Con 363 figuras a color y 441 imágenes
650 ## - Materia general
Temática (materia general) ANATOMÍA HUMANA
650 ## - Materia general
Temática (materia general) ÓRGANOS INTERNOS
650 ## - Materia general
Temática (materia general) CAJA TORÁXICA
650 ## - Materia general
Temática (materia general) CORAZÓN
650 ## - Materia general
Temática (materia general) ARTERIAS CORONARIAS
650 ## - Materia general
Temática (materia general) TRAQUEA
650 ## - Materia general
Temática (materia general) BRONQUIOS
650 ## - Materia general
Temática (materia general) ESTÓMAGO
650 ## - Materia general
Temática (materia general) INTESTINO DELGADO
650 ## - Materia general
Temática (materia general) INTESTINO GRUESO
650 ## - Materia general
Temática (materia general) VESICULA BILIAR
650 ## - Materia general
Temática (materia general) PANCREAS
650 ## - Materia general
Temática (materia general) GLÁNDULA SUPRARRENAL
650 ## - Materia general
Temática (materia general) ÓRGANOS GENITALES
942 ## - Punto de acceso adicional KOHA
Tipo de ítem KOHA Libro
Fuente del sistema de clasificación o colocación Dewey Decimal Classification
Existencias
Signatura completa Código de barras Programa Académico Tipo de ítem
611 S677ao23 17995 Mecánica Dental Libro